[Event "Biel MTO op 48th"]
[Site "Biel"]
[Date "2015.07.29"]
[Round "9"]
[White "Adhiban, Baskaran"]
[Black "Sutovsky, Emil"]
[Result "0-1"]
[WhiteElo "2627"]
[BlackElo "2619"]
[Annotator "Adhiban,B"]
[PlyCount "70"]
[EventDate "2015.07.20"]
[EventType "swiss"]
[EventRounds "11"]
[EventCountry "SUI"]
[SourceTitle "CBM 168"]
[Source "ChessBase"]
[SourceDate "2015.09.14"]
[SourceVersion "1"]
[SourceVersionDate "2015.09.14"]
[SourceQuality "1"]

{This game was arguably the title match since it decided who was going to win
the Biel Masters.} 1. e4 c5 2. Nf3 Nc6 3. Nc3 g6 4. d4 cxd4 5. Nxd4 Bg7 6. Be3
Nf6 7. Bc4 O-O 8. Bb3 d6 9. h3 Na5 10. O-O b6 {The most attractive way to
develop the bishop.} 11. Re1 (11. Bg5 Bb7 {would lead to the same.}) 11... Bb7
12. Bg5 h6 (12... a6 13. Nd5 e6 14. Nxf6+ Bxf6 15. Bxf6 Qxf6 16. c3 {with a
complex fight.}) 13. Bh4 (13. Bxf6 Bxf6 14. Bd5 e6 15. Bxb7 Nxb7 {Black has a
fine position.}) 13... Re8 14. Ba4 Nd7 15. Nd5 {[%csl Gd4,Gd5][%cal Ga4e8,
Gh4d8] Here I felt this position must be better for White, due to the huge
pressure of the bishops from the diagonals and well placed centralised knights.
} g5 {Here my opponent offered a draw.} 16. Bg3 (16. Nf5 $5 e6 17. Nxh6+ $1 (
17. Nxd6 exd5 18. Nxe8 Qxe8 19. exd5 Qd8 20. Bg3 Bxb2 $15 (20... Nc5 $2 21.
Re8+ Qxe8 22. Bxe8 Rxe8 23. b4)) (17. Bxd7 Qxd7 18. Nxh6+ Kf8 19. Bxg5 (19. Qh5
) 19... exd5 20. Nf5 Rxe4 $5 $17 (20... dxe4 21. Qg4 f6 22. Bf4 Nc4 (22... Bc8)
23. Qh5 $14)) (17. Nxg7 Kxg7 18. Nf4 $5 Nf6 $1 (18... gxh4 19. Nh5+ Kh8 20.
Bxd7 Qxd7 21. Qd2 $1 $18) 19. Bxe8 Qxe8 20. Qxd6 gxh4 21. Qe5 Qe7 22. Rad1 Nc6
23. Nh5+ Kg6 24. Qxf6+ Qxf6 25. Nxf6 Kxf6 26. Rd7 Ba6 {with dynamic balance,
maybe he saw till here and that's why he offered the draw?}) 17... Bxh6 (17...
Kf8 18. Qh5) 18. Bxd7 exd5 (18... gxh4 19. Bxe8 exd5 20. Qh5 $5 {leading to
the main line.} (20. exd5 Qg5 $132)) (18... Rf8 19. Qh5 Kg7 20. Qg4 $1 Kh8 $1 (
20... exd5 21. f4 f6 22. exd5 $16) 21. Bg3 Nc4 22. h4 {with a total mess.}) 19.
Bxe8 Qxe8 20. Qh5 $1 gxh4 21. Qxh6 dxe4 {White has as a minimum the perpetual
here with an ongoing attack so possibly this was White's best try.} 22. Rad1 $1
Qe6 23. Qxh4 $40) 16... e6 17. Nb4 ({A safer way was} 17. Ne3 Bxe4 18. Bxd6 (
18. b4 Nb7) 18... Nc5 19. Bxc5 bxc5 20. Bxe8 cxd4 21. Nf1 $1 (21. Ng4 $5 Qd5 $1
(21... Qxe8 $6 22. Rxe4 f5 23. Nxh6+ Bxh6 24. Rxd4 $14) 22. f3 Bg6 23. Ba4 Qc5
24. Nf2 Nc4 $44) 21... Bb7 22. Ba4 Nc4 23. Rb1 Ne5 {Black has powerful
compensation but White is definitely not worse here.}) 17... a6 ({Comp prefers
} 17... Nc4 $1 $15) 18. Ndc6 Qc8 (18... Nxc6 19. Bxc6 (19. Nxc6 Qc8) 19... Bxc6
20. Nxc6 Qc7 {Here White's best way is to go back with the knight} 21. Nd4 (21.
Qxd6 $6 Qxd6 22. Bxd6 Bxb2 23. Rad1 (23. Rab1 Bf6 $1 {An important move
controlling e7.} 24. e5 Rec8 $1 $17) 23... Kg7 $15) 21... b5 $11) 19. Nxa5 bxa5
20. Qxd6 (20. Nd3 $5 {was better, and I would retained good chances for
gaining an advantage due to Black's weak pawn structure.}) 20... Rd8 21. Nc6 $6
(21. Nd3 Ne5 22. Qe7 Bf8 23. Qf6 Bg7 $11) 21... Bxc6 22. Qxc6 Nc5 $1 {I
understimated this position.} 23. Qxc8 (23. Rad1 {fails to the simple} Rxd1 24.
Rxd1 Qxc6 25. Bxc6 Rc8 {and the bishop has no squares to run away to!}) (23. e5
$1 {was the last chance, cutting off the bishop and retaining decent saving
chances.} Rd4 24. Qxc8+ Rxc8 25. Bb3 a4 26. c3 Rd2 27. Bc4 $15) 23... Raxc8 24.
Bb3 a4 25. Bc4 a3 {Now it's just lost.} (25... Bxb2 26. Rad1) 26. e5 axb2 27.
Rab1 Rd4 28. Bf1 Na4 29. c4 Rd2 30. Re3 Rcd8 31. c5 Rd1 32. Re1 Rxe1 33. Rxe1
Nxc5 34. f4 Ne4 35. Bf2 Nc3 {Two wins in the last two rounds enabled me to tie
for the first place with Sutovsky who won the event thanks to his better
tiebreak (Buchholz System) which couldn't be matched even with all the
combined efforts of all my opponent's in the last round :).} 0-1

[Event "EU-ch 8th"]
[Site "Dresden"]
[Date "2007.04.03"]
[Round "1"]
[White "Bindrich, Falko"]
[Black "Tiviakov, Sergei"]
[Result "0-1"]
[WhiteElo "2469"]
[BlackElo "2682"]
[Annotator "Bindrich,F"]
[PlyCount "108"]
[EventDate "2007.04.03"]
[EventType "swiss"]
[EventRounds "11"]
[EventCountry "GER"]
[SourceTitle "CBM 118"]
[Source "ChessBase"]
[SourceDate "2007.05.31"]
[SourceVersion "1"]
[SourceVersionDate "2007.05.31"]
[SourceQuality "1"]

1. e4 c5 2. Nf3 Nc6 3. d4 cxd4 4. Nxd4 g6 5. Nc3 Bg7 6. Be3 Nf6 7. Bc4 O-O 8.
Bb3 a5 9. O-O Nxd4 10. Bxd4 d6 11. h3 Bd7 12. a4 Bc6 13. f4 (13. Qd3 Nd7 14.
Bxg7 Kxg7 15. Qd4+ Kg8 16. f4 Qb6 (16... Nc5 17. Bc4 Qb6 18. Rfd1 Rac8 19. b3
Nd7 20. Qxb6 Nxb6 21. Bd3 Nd7 22. Bc4 Nb6 23. Bd3 Nd7 24. Bc4 Nb6 {1/2-1/2
Onkoud,A-Parmentier,X/Creteil 2002/CBM 088 ext}) 17. Qxb6 Nxb6 {1/2-1/2 Saric,
I-Brulic,D/Omis 2005/CBM 108 ext}) 13... Nd7 14. Bxg7 Kxg7 15. Qd4+ Kg8 16. f5
$1 $146 {This interesting and strong move I had found in some earlier work on
this line.} (16. Nd5 {This move seemed not to be enough to me.} Bxd5 17. Bxd5
Qc7 18. Kh1 Rab8 19. Bc4 Qb6 20. Rad1 Qxd4 21. Rxd4 Nc5 $14 {1-0 Anand,
V-Malakhov,V/Hyderabad 2002/CBM 092/[Tsesarsky] (66)}) 16... Ra6 $5 (16... Qb6
17. Qxb6 Nxb6 18. f6 $1 e6 19. Rad1 Rfd8 20. Rd3 Rd7 21. Rfd1 Rad8 22. Kf2 d5 (
22... h6 23. h4 Kh7 24. g4) 23. exd5 exd5 (23... Bxd5 24. Nxd5 Nxd5 25. Bxd5
exd5 26. g4 $14) 24. Rd4 Rd6 25. Kg3 Rxf6 26. Nxd5 Nxd5 27. Bxd5 Kg7 28. Bxc6
Rxd4 29. Rxd4 Rxc6 30. c3 $11 {This had been the main line in my preparations
but I wondered if Tiviakov would agree to exchange queens that early.}) 17. Kh1
Qb6 18. Qd2 Kg7 (18... Nc5 19. Bd5 $1) 19. Rf4 $1 Nf6 20. Rh4 Ng8 (20... h5 21.
Rf1 Qc5 22. Nd5 $1 Bxd5 23. exd5 $16) 21. Rf1 Raa8 22. Qf4 f6 23. Qd2 $2 {
Up to this move I played quite well, but now I failed to win by force.} (23.
fxg6 $142 $1 {Opening lines and diagonals for my bishop and rook. Finally my N
on c3 will decide matters.} hxg6 24. Rf3 $1 {Join the party!} Qc5 25. Rg3 Qe5
26. Ne2 $1 {The same goes for you!} Qxf4 27. Nxf4 g5 28. Ne6+ Kf7 29. Nxf8+
Kxf8 30. Rf4 $18) (23. Bxg8 $2 g5) 23... g5 24. Rg4 Nh6 25. Rg3 (25. Rxg5+ $5 {
My hand just wanted to take this pawn, but it is not that easy at all.} fxg5
26. Qxg5+ Kh8 27. Qxh6 Qd4 28. Qg5 Qf6 29. Qe3 Qe5 30. Be6 Rab8 31. Rd1 Rf6 32.
Qe2 $16 {But it is not clear to me where to play.}) 25... Nf7 26. h4 h6 27. Re1
Qb4 28. Qe3 Qc5 29. Qe2 Ne5 30. Qd2 Rh8 31. Kh2 Kf8 32. Kh3 {The position is
still better for White, but far from being won.} Qb4 33. Qe3 Rd8 34. Rd1 Kg7 $2
(34... Rc8 $14) 35. Nd5 Qc5 (35... Bxd5 36. Rxd5 Nc4 37. Qe2 Ne5 38. Rb5 Qd4
39. Kh2 $1 $16 {Controlling g1.}) 36. Qe2 (36. Nxe7 g4+ 37. Kh2 Qxe3 38. Rxe3
h5 39. Nd5 $16 {Would have been much simpler.}) 36... Bxd5 37. Rxd5 Qb6 38.
Rxe5 $2 (38. Qe1 $16 {Even after that White is still better.}) 38... dxe5 $8 (
38... fxe5 $2 39. Qh5 d5 40. hxg5 Qg1 41. Bxd5 Qh1+ 42. Kg4 Qxh5+ (42... Qd1+
43. Rf3 $18) 43. Kxh5 hxg5+ 44. Kxg5 $14) 39. Kh2 {Only now did I spot ...Qg1
and I wanted to cry because I had spoiled such a game against such a player.} (
39. Qh5 Rh7 $17) 39... Rh7 40. Bd5 $2 (40. Rh3 $142 {Would have been more
stubborn.} gxh4 41. Rxh4 $15) (40. Qh5 Qf2 41. Qg6+ Kh8 $19) 40... Qxb2 41. Rb3
Qc1 42. Rxb7 Kh8 $19 43. Qh5 Qf4+ 44. Kh3 gxh4 45. Qxh4 Qf1 46. Kh2 (46. Rxe7
Qh1+ $19) 46... Rg7 47. Qh3 Qf4+ 48. g3 Qc1 49. Qg2 h5 (49... Qd1) 50. Qe2 (50.
Rb3 h4) 50... h4 51. Rb3 (51. Rxe7) 51... hxg3+ 52. Rxg3 Qf4 (52... Rh7+) 53.
Qf3 Rxg3 54. Qxg3 Rb8 0-1

[Event "St Petersburg-ch"]
[Site "St Petersburg"]
[Date "1995.??.??"]
[Round "9"]
[White "Orlov, Vassily"]
[Black "Sakaev, Konstantin"]
[Result "0-1"]
[WhiteElo "2435"]
[BlackElo "2535"]
[Annotator "Boensch,U"]
[PlyCount "54"]
[EventDate "1995.04.??"]
[EventType "tourn"]
[EventRounds "12"]
[EventCountry "RUS"]
[EventCategory "9"]
[SourceTitle "CBM 047"]
[Source "ChessBase"]
[SourceDate "1995.08.01"]
[SourceVersion "1"]
[SourceVersionDate "1995.08.01"]
[SourceQuality "1"]

1. e4 c5 2. Nf3 d6 3. d4 cxd4 4. Nxd4 Nf6 5. Nc3 a6 6. f4 g6 7. Be2 Bg7 8. Be3
O-O 9. Nb3 Nc6 10. g4 (10. a4 Be6 11. O-O {- B74}) (10. O-O {- B74}) 10... b5 (
10... e5 $6 11. f5 d5 12. exd5 Nb4 13. d6 gxf5 14. g5 Ne8 15. Bc5 Nc6 16. Nd5
Be6 17. Ne7+ $16 {Smirin,I-Anand,V (2) Moscow PCA 25' (01) 1994 1-0 68}) 11. g5
Nd7 12. Qd2 b4 $1 $146 (12... Bb7 13. O-O-O Na5 14. h4 Rc8 15. Nd5 Nxb3+ 16.
axb3 e6 17. h5 exd5 $17 {Schuh,F-Yurtaev,L Oberwart op 1991 0-1 29}) (12... Nb6
13. O-O-O Rb8 14. Nd4 Qc7 15. Nxc6 Qxc6 16. Nd5 Nxd5 17. exd5 Qc7 18. h4 Bf5
$10 {Totsky,L-Mukhametov,E Orel (01) 1994 0-1 43}) 13. Na4 Bb7 14. Bf3 (14. Bg4
Rb8 $13) 14... Qc7 15. O-O-O Na5 $1 16. Bd4 (16. Qxb4 $2 Rfc8 17. c3 Nc4 $40)
16... e5 $1 {Schwarz erhällt den schönen Stützpunkt e5 für seine Figuren.} 17.
fxe5 Nxe5 (17... dxe5 18. Bf2 $13) 18. Bg2 Nac4 $1 {Das P-Opfer gibt Schwarz
eine gewaltige Initiative. Nach} (18... Nxb3+ 19. axb3 a5 20. Bb6 {ist die
Sache nicht so klar.}) 19. Qxb4 Rfc8 20. Kb1 (20. Nc3 Rab8 21. Ba7 Bc6 22. Bxb8
Rxb8 $19) (20. Qc3 Bc6 $17) 20... a5 21. Qe1 (21. Qc3 Qc6 $1 (21... Bc6 22. Bh3
Bxa4 (22... Rcb8 $2 23. Bxe5 Nxe5 24. Nd4 $14) 23. Bxc8 Rxc8 $17) 22. Nac5 dxc5
23. Nxc5 Rab8 $19) 21... Nxb2 $1 $19 22. Bxb2 Qxc2+ 23. Ka1 Qxg2 24. Rg1 Qc2
25. Rd2 (25. Nb6 Nd3 $19) 25... Qc6 26. Nc3 Qb6 (26... Nf3 27. Nd5 Nxe1 28.
Ne7+ Kh8 29. Bxg7+ Kxg7 30. Nxc6 Nf3 $19) 27. Rg3 a4 (27... a4 28. Nd4 Nc4 $19)
0-1

[Event "Hoogovens"]
[Site "Wijk aan Zee"]
[Date "1977.01.24"]
[Round "9"]
[White "Kurajica, Bojan"]
[Black "Miles, Anthony John"]
[Result "1-0"]
[WhiteElo "2530"]
[BlackElo "2555"]
[Annotator "Bulletin"]
[PlyCount "79"]
[EventDate "1977.01.14"]
[EventType "tourn"]
[EventRounds "11"]
[EventCountry "NED"]
[EventCategory "11"]
[SourceTitle "MCL"]
[Source "ChessBase"]
[SourceDate "1999.07.01"]
[SourceVersion "1"]
[SourceVersionDate "1999.07.01"]
[SourceQuality "1"]

1. e4 c5 2. Nf3 Nc6 3. d4 cxd4 4. Nxd4 g6 5. Nc3 Bg7 6. Be3 Nf6 7. Bc4 O-O 8.
Bb3 d6 9. h3 Na5 $6 (9... Bd7 10. O-O Qa5 11. f4 Rac8) 10. O-O a6 11. f4 Qc7
12. Nf3 Nc4 13. Bxc4 Qxc4 14. e5 dxe5 15. fxe5 Nh5 $6 (15... Nd7 $5 16. Nd5
Nxe5 17. Nxe5 Bxe5 18. Nb6 Qe4 19. Qd2 Rb8 20. Rae1 Qc6 21. Nd5 Qd6 22. Bh6)
16. Qd5 $1 Be6 (16... Qc7 17. g4 Ng3 18. Rfe1 $18) 17. Qxc4 Bxc4 18. Rfe1 Ng3
19. Bf2 Nf5 20. g4 Nh6 21. Rad1 Rad8 22. Bc5 b5 23. Bxe7 Rxd1 24. Rxd1 Re8 25.
Bg5 Kf8 26. Rd2 Ng8 27. Be3 Ne7 (27... Bxe5 28. Bc5+) 28. b3 Be6 29. Bc5 Kg8
30. Bxe7 Rxe7 31. Rd8+ Bf8 32. Ne4 Kg7 33. Nf6 Rb7 34. Ne8+ Kg8 35. Kg2 Rb6 36.
Ng5 Be7 37. Nf6+ Kg7 38. Rg8+ Kh6 39. Ngxh7 g5 40. h4 (40. h4 gxh4 41. g5#) 1-0

[Event "Reykjavik op"]
[Site "Reykjavik"]
[Date "2013.02.21"]
[Round "4"]
[White "Thorhallsson, Throstur"]
[Black "Jones, Gawain C B"]
[Result "0-1"]
[WhiteElo "2441"]
[BlackElo "2637"]
[Annotator "CB"]
[PlyCount "56"]
[EventDate "2013.02.19"]
[EventType "swiss"]
[EventRounds "10"]
[EventCountry "ISL"]
[SourceTitle "CBM 153 Extra"]
[Source "ChessBase"]
[SourceDate "2013.04.22"]
[SourceVersion "1"]
[SourceVersionDate "2013.04.22"]
[SourceQuality "1"]

1. e4 c5 2. Nf3 d6 3. d4 cxd4 4. Nxd4 Nf6 5. Nc3 g6 6. Be2 ({Meistens geschieht
} 6. Be3 Bg7 7. f3) 6... Bg7 7. Be3 O-O 8. f4 Nc6 9. Nb3 ({Auf} 9. O-O {ist}
Qb6 {lästig. Wenn Weiß sich auskennt, kann er das spielen, allerdings
höchstens, um Remis zu erreichen:} 10. e5 dxe5 11. fxe5 Nxe5 12. Nf5 Qxb2 13.
Nxe7+ Kh8 14. Bd4 Qb4 (14... Ng8 15. Ned5 Be6 16. Nb5 Nf3+ 17. Bxf3 Qxb5 18.
Bxg7+ Kxg7 19. Qd4+ f6 20. Nc7 Qc4 21. Qd6 Rae8 22. Nxe8+ Rxe8 23. Rae1 Bf7 24.
Rxe8 Bxe8 25. Bxb7 Bf7 26. Qc6 Qd4+ 27. Kh1 Bxa2 28. c3 Qh4 29. Qd7+ Kh8 30.
Bd5 Bxd5 31. Qxd5 Qa4 32. c4 Qa6 33. Qb5 Qe6 34. c5 Ne7 35. Qe8+ Kg7 36. c6 Qe5
37. Qd7 Qe2 38. Rg1 Kf7 39. c7 Qa6 40. Re1 {1-0 (40) Zollner,H-Kranki,H Bad
Oeynhausen 1937}) 15. Bxe5 Qxe7 16. Qd4 Nh5 17. Bxg7+ Nxg7 18. Bf3 Be6 $11)
9... Be6 10. g4 Rc8 ({Der weiße Angriff ist nicht ganz neu, wie die folgenden
Beispiele zeigen:} 10... Na5 11. g5 Ne8 12. Qd2 Rc8 13. Bd4 Nc4 14. Bxc4 Rxc4
15. O-O-O Qd7 16. Qd3 Rc8 17. h4 Bg4 18. Rd2 b6 19. Nd5 e5 20. Bc3 f5 21. gxf6
Nxf6 22. Nxf6+ Rxf6 23. Qd5+ Rf7 24. h5 gxh5 25. Rg1 Qc6 26. fxe5 dxe5 27. Qxc6
Rxc6 28. Rd5 Rcf6 29. Nd2 Bh6 30. b3 Rf2 31. Kb2 Re2 32. Nc4 Rff2 33. Rd8+ Bf8
34. b4 Rxc2+ 35. Kb3 Rg2 36. Rf1 Rcf2 37. Rxf2 Rxf2 38. Nxe5 Be6+ 39. Ka4 Rxa2+
40. Kb5 Rc2 41. Rd3 h4 42. Bd4 Bg7 43. Ra3 h3 44. Rxa7 h2 45. Ra8+ Bc8 46. Ra1
Bh3 47. Nf3 Bxd4 48. Nxd4 Rf2 {0-1 (48) Kan,I-Botvinnik,M Moscow 1936}) (10...
d5 11. f5 Bc8 12. exd5 Nb4 13. d6 Qxd6 14. Bc5 Qf4 15. Rf1 Qxh2 16. Bxb4 Nxg4
17. Bxg4 Qg3+ 18. Rf2 Qg1+ 19. Rf1 Qg3+ 20. Rf2 Qg1+ {1/2-1/2 (20) Alekhine,
A-Botvinnik,M Nottingham 1936}) 11. g5 (11. f5 {gibt Schwarz das Feld e5:} Bd7
12. g5 Ne8 13. O-O Ne5) 11... Nd7 12. h4 Nb4 13. Nd4 Qa5 (13... Bc4 14. a3 Bxe2
15. Qxe2 Nc6 16. O-O-O Nxd4 17. Bxd4 Nb6 18. Bxg7 Kxg7 19. h5 Rh8 20. f5 Rc5
21. Qf2 f6 22. gxf6+ exf6 23. hxg6 hxg6 24. Qg3 g5 25. Rxh8 Qxh8 26. Qxd6 Qf8
27. Qg3 Qe8 28. Rh1 Qg8 29. Qd6 Re5 30. Qc7+ Kf8 31. Rh7 {1-0 (31) Hennigan,M 
(2355)-Silva Lillo,S Santiago de Chile 1990}) 14. h5 Bc4 15. a3 Na2 {Ein
witziger Angriff auf den Sc3.} 16. Bxc4 Nxc3 17. Qd3 {Weiß hat Mühe, seine
Steine zusammen zu halten.} Nd5+ 18. Bd2 (18. Ke2 Nc5 19. Qd2 Qxd2+ 20. Bxd2
Nb6 $19) 18... Nxf4 19. Bxa5 Nxd3+ 20. cxd3 Bxd4 21. hxg6 hxg6 {Einmal zählen:
Schwarz hat einen Bauern gewonnen, Weiß hat immerhin das Läuferpaar.} 22. Bc3
$2 {Nun nicht mehr. Der Zug ist aber auch taktisch schlecht.} (22. Ke2 $5 Bxb2
$6 23. Rab1 $15) 22... Bxc3+ $19 23. bxc3 Ne5 24. Bd5 Rxc3 25. d4 Nf3+ 26. Kf2
Nxg5 27. Bxb7 Rb8 28. Rhb1 Ne6 0-1

[Event "Hoogovens"]
[Site "Wijk aan Zee"]
[Date "1977.01.15"]
[Round "2"]
[White "Barczay, Laszlo"]
[Black "Miles, Anthony John"]
[Result "1/2-1/2"]
[WhiteElo "2470"]
[BlackElo "2555"]
[Annotator "Dolmatov,S"]
[PlyCount "113"]
[EventDate "1977.01.14"]
[EventType "tourn"]
[EventRounds "11"]
[EventCountry "NED"]
[EventCategory "11"]
[SourceTitle "MCL"]
[Source "ChessBase"]
[SourceDate "1999.07.01"]
[SourceVersion "1"]
[SourceVersionDate "1999.07.01"]
[SourceQuality "1"]

1. e4 c5 2. Nf3 d6 3. d4 cxd4 4. Nxd4 Nf6 5. Nc3 g6 6. Be3 Bg7 7. Be2 Nc6 8.
Qd2 O-O 9. Rd1 Rb8 $6 (9... d5 $5 10. exd5 Nxd5 11. Nxd5 Qxd5 (11... Nxd4 12.
Bc4 $14) 12. Bf3 Qxa2 $15) 10. O-O d5 11. exd5 Nxd5 12. Nxd5 Nxd4 13. Bc4 Nc6 (
13... Be6 $2 14. Bxd4 Bxd5 15. Bxg7 Bxc4 16. Qh6 $18) 14. Bf4 Ra8 15. Rfe1 $6 (
15. Qe1 $5 Bg4 16. Nf6+ $16) 15... Bg4 16. f3 Be6 17. Qf2 Qa5 18. Bd2 $6 (18.
c3 Rac8 19. b4 Qa4 20. Bb3 Qa3 21. Bc1 Qa6 22. a4 $16) 18... Qd8 19. Bc3 Bxd5
20. Bxd5 Qb6 21. Bxg7 Kxg7 22. Qxb6 axb6 23. a3 $14 Rac8 24. Bxc6 Rxc6 25. c3
Rc7 26. Kf2 f5 27. Re5 Rf6 28. Red5 Rfc6 29. Rd7 Kf6 30. Rxc7 Rxc7 31. Ke3 g5
32. Rd8 (32. g3 $14) 32... Ke5 33. Rd4 Ke6 34. a4 Rd7 35. g3 Rd5 36. f4 gxf4+
37. gxf4 Rc5 38. Kd3 Rc6 39. Rd8 Kf6 40. Rd7 e5 $16 41. Rxh7 Kg6 42. Rxb7 exf4
43. Ke2 Kg5 44. Kf3 Rh6 45. h4+ $2 $10 (45. Rg7+ Kf6 46. Rg2 $16 Rh4 47. h3 Ke5
48. Rh2 Kd5 49. b3 Kc5 50. Ke2 $16) 45... Rxh4 46. Rxb6 Rh3+ 47. Kg2 Rd3 48. a5
f3+ 49. Kg3 f4+ 50. Kf2 Kg4 51. Rg6+ Kf5 52. Rb6 Kg4 53. Ke1 (53. a6 Rd2+ 54.
Kf1 Rd1+ $10) 53... Re3+ 54. Kf1 Rd3 55. Re6 Rd1+ 56. Re1 Rd2 57. Re8 1/2-1/2

[Event "Biel SKA"]
[Site "Biel"]
[Date "1991.??.??"]
[Round "4"]
[White "Adams, Michael"]
[Black "Shirov, Alexei"]
[Result "0-1"]
[WhiteElo "2615"]
[BlackElo "2610"]
[Annotator "Ftacnik,L"]
[PlyCount "56"]
[EventDate "1991.07.??"]
[EventType "tourn"]
[EventRounds "14"]
[EventCountry "SUI"]
[EventCategory "15"]
[SourceTitle "CBM 025"]
[Source "ChessBase"]
[SourceDate "1991.12.01"]
[SourceVersion "1"]
[SourceVersionDate "1991.12.01"]
[SourceQuality "1"]

1. e4 {Hansen,Cu Blatny,P Boensch} c5 2. Nf3 d6 3. d4 cxd4 4. Nxd4 Nf6 5. Nc3
g6 6. Bc4 Bg7 7. O-O O-O 8. h3 Nc6 (8... a6 {Blatny,P} 9. Re1 b5 10. Bb3 Bb7
11. a4 Nc6 12. Nxc6 Bxc6 13. axb5 axb5 14. Rxa8 Qxa8 15. Nd5 Bxd5 16. exd5 Qb7
17. c3 $14 {Jansa-Khalifman, BL 90/91, Frankfurt-Nuernberg --> ChessBase: BL
1990/1991}) (8... Nxe4 {Blatny,P} 9. Nxe4 d5 10. Nb5 a6 {Mokry-Ernst,
Kopenhagen 1985} 11. Bxd5 axb5 12. Bg5 Nc6 13. c3 {+/=/=}) 9. Be3 Nxe4 10.
Bxf7+ $6 (10. Nxe4 d5 11. Nxc6 bxc6 12. Bd3 dxe4 13. Bxe4 Qc7 14. c3 Ba6 15.
Re1 f5 16. Bd3 $14) 10... Kxf7 $1 (10... Rxf7 11. Nxe4 Nxd4 (11... h6 {Boensch}
12. c3 Kh7 (12... Bd7 {Hansen,Cu} 13. Re1 $14 {Jansa,V-Watson,W Oslo 1991}) 13.
Qb3 d5 $13 {Kupreichik-Pigusov Moskau (GMA) 1989 -Inf.47/255}) 12. Bxd4 Bf5 (
12... e5 $2 13. Bc5 $16 {Tal-Pekarek Tbilisi 1986 -Inf.42/239}) 13. Ng5 Rf8 14.
c4 $14 {Stoica-Makropoulos/Bucharest/1983/}) 11. Nxe4 Nxd4 12. Bxd4 e5 13. Be3
d5 14. Ng3 (14. Ng5+ {Boensch} Kg8 $17) (14. Bg5 $5 {Blatny,P} Qd7 15. Nc3 $1
h6 (15... d4 {Hansen,Cu} 16. Ne4 Qc6 17. Re1 Bf5 18. f3 $14 {Jansa,V-Hellers,F
Herning 1991}) 16. Bh4 d4 17. Ne4 Qc6 18. Re1 Bf5 19. f3 Rac8 20. c3 Kg8 21.
Qb3+ Kh7 22. Rad1 $13 {Jansa-Hellers, Herning 1991}) 14... Kg8 15. c3 Be6 16.
Ne2 (16. f4 exf4 17. Rxf4 Rxf4 18. Bxf4 Qb6+ 19. Kh2 Qxb2 $17) 16... g5 $1 17.
Qd2 h6 18. h4 $1 (18. Kh1 $142 {Blatny,P /\f2-f3,Rf1-e1,Be3-f2-g3}) 18... gxh4
19. Bxh6 Qf6 20. Bg5 $6 (20. Bxg7 Qxg7 21. f4 h3 22. Rf2 Rf6 $13) 20... Qg6 21.
Bxh4 Rf5 $1 22. f4 (22. Ng3 Rf4 23. Be7 b6 24. Rae1 Re8 25. Bd6 Bf7 26. Ba3 Rh4
$40) (22. Bg3 {Boensch} Rh5 23. f4 Qh6 24. Rad1 Rf8 $19) (22. Qd3 {Boensch} e4
23. Qg3 Qh6 24. Qd6 Re8 $17) 22... Qg4 23. Bg5 (23. Bg3 {Boensch} Bh6 24. Qe3
Raf8 25. Qf3 Qg6 $17) 23... Raf8 24. Rf2 d4 $1 25. cxd4 $6 (25. Re1 Bd5 26.
cxd4 Rxg5 $1 27. fxg5 Rxf2 28. Kxf2 Qxg2+ 29. Ke3 Qf3#) 25... exf4 26. Bxf4 (
26. Nxf4 {Boensch} Rxg5 27. Nxe6 Rxf2 28. Kxf2 (28. Qxg5 Rxg2+ $19) (28. Qxf2
Qxe6 $19) 28... Qxg2+ 29. Ke1 (29. Ke3)) 26... Bc4 $1 27. Be3 Rxf2 28. Bxf2
Bxe2 {Ftacnik,L} 0-1